El pensamiento político de Gramsci / (Record no. 120155)

MARC details
000 -LEADER
campo de control de longitud fija 00672nam a2200217 4500
001 - NÚMERO DE CONTROL
campo de control 120155
003 - IDENTIFICADOR DE NÚMERO DE CONTROL
campo de control ES-MaACL
005 - FECHA Y HORA DE LA ÚLTIMA TRANSACCIÓN
campo de control 20250801131227.0
007 - CAMPO FIJO DE DESCRIPCIÓN FÍSICA--INFORMACIÓN GENERAL
campo de control de longitud fija t|
008 - DATOS DE LONGITUD FIJA--INFORMACIÓN GENERAL
campo de control de longitud fija 070214s1972 sp r ||||1| spa d
100 1# - ENTRADA PRINCIPAL--NOMBRE DE PERSONA
Nombre de persona Piotte, Jean-Marc.
9 (RLIN) 92310
245 13 - MENCIÓN DEL TÍTULO
Título El pensamiento político de Gramsci /
Mención de responsabilidad, etc. Jean-Marc Piotte ; [traducción, Alfonso Bozzo].
260 ## - PUBLICACIÓN, DISTRIBUCIÓN, ETC.
Lugar de publicación, distribución, etc. Barcelona :
Nombre del editor, distribuidor, etc. A. Redondo,
Fecha de publicación, distribución, etc. 1972.
300 ## - DESCRIPCIÓN FÍSICA
Extensión 267 p. ;
Dimensiones 18 cm.
490 1# - MENCIÓN DE SERIE
Mención de serie Beta ;
Designación de volumen o secuencia 32
600 14 - PUNTO DE ACCESO ADICIONAL DE MATERIA--NOMBRE DE PERSONA
Nombre de persona Gramsci, Antonio,
Fechas asociadas al nombre 1891-1937-
Subdivisión general Pensamiento político
9 (RLIN) 172020
700 1# - ENTRADA AGREGADA--NOMBRE PERSONAL
Nombre de persona Bozzo, Alfonso.
9 (RLIN) 31219
830 1# - PUNTO DE ACCESO ADICIONAL DE SERIE-TÍTULO UNIFORME
Título uniforme Beta ;
Designación de volumen o secuencia 32
9 (RLIN) 182807
852 ## - LOCALIZACIÓN
Ubicación ES-MaACL
Número de control de estantería C-50006
Holdings
Estatus retirado Estado de pérdida Estado de daño No para préstamo Biblioteca de origen Biblioteca actual Ubicación en estantería Fecha de adquisición Fuente de adquisición Total de préstamos Signatura topográfica completa Código de barras Visto por última vez Precio de reemplazo Tipo de ítem Koha
        Biblioteca del Ateneo de Madrid Biblioteca del Ateneo de Madrid Depósito 2 17/01/2008     C-50006 1125244 23/02/2023 23/02/2023 Libro impreso